the wicked end - lyrics - Statistics

General Stats
  • This quiz has been taken 4 times
  • The average score is 249 of 352
Answer Stats
Answer % Correct
a
100%
all
100%
and
100%
as
100%
be
100%
but
100%
come
100%
dark
100%
end
100%
for
100%
go
100%
how
100%
i
100%
in
100%
into
100%
it
100%
its
100%
last
100%
light
100%
man
100%
me
100%
more
100%
my
100%
no
100%
on
100%
one
100%
our
100%
seen
100%
the
100%
they
100%
this
100%
time
100%
to
100%
us
100%
was
100%
we
100%
wicked
100%
will
100%
women
100%
you
100%
your
100%
adam
50%
align
50%
apple
50%
are
50%
arms
50%
becoming
50%
bite
50%
breaks
50%
burning
50%
cant
50%
cause
50%
chance
50%
chastisement
50%
churches
50%
coming
50%
corrupt
50%
crowds
50%
cruel
50%
darling
50%
days
50%
deep
50%
did
50%
does
50%
dont
50%
dust
50%
each
50%
eclipse
50%
enough
50%
eternally
50%
expelled
50%
explained
50%
fall
50%
falling
50%
fear
50%
feel
50%
final
50%
flood
50%
gather
50%
godless
50%
grown
50%
havent
50%
heaven
50%
here
50%
his
50%
hold
50%
hundred
50%
if
50%
indulgence
50%
inside
50%
is
50%
ive
50%
kill
50%
know
50%
knowledge
50%
left
50%
let
50%
lies
50%
life
50%
look
50%
lust
50%
mankind's
50%
man's
50%
mary's
50%
messenger
50%
messiah's
50%
misery
50%
now
50%
number
50%
of
50%
off
50%
own
50%
power
50%
precious
50%
prophecy
50%
prophets
50%
rang
50%
right
50%
savor
50%
shall
50%
shed
50%
sign
50%
silenced
50%
sins
50%
six
50%
sixty
50%
sky
50%
sleep
50%
so
50%
some
50%
sorrow
50%
soulless
50%
spread
50%
stab
50%
stars
50%
still
50%
stood
50%
survive
50%
swallowed
50%
swam
50%
swarm
50%
tears
50%
than
50%
these
50%
through
50%
tomorrow
50%
tonight
50%
true
50%
voice
50%
walls
50%
war
50%
weve
50%
whats
50%
with
50%
wont
50%
word
50%
words
50%
world
50%
worry
50%
worse
50%
wounded
50%
children
0%
crying
0%
fighting
0%
flesh
0%
ravaged
0%
tearing
0%
No matching quizzes found
Score Distribution
Percent of People with Each Score
Percentile by Number Answered
Your Score History
You have not taken this quiz